K životnému jubielu historika Valeriána Bystrického

Bibliographic Details
Main Author: Petruf, Pavol, 1946- (Author)
Format: Article
Language:Slovak
PhysicalDescription:Fotogr.
ISSN:1335-8723
Subjects:

MARC

LEADER 00000nab a2200000 a 4500
001 vtls008982697
003 SK-MaSNL
005 20260304144627.0
008 250505c2006 xo |||| |h| 000 b|slo
015 |a SNBRB2007/04  |2 snkbucl 
035 |a (uuid)b64b47e4-3817-460c-ad76-c6fad8d85829 
035 |a urn:nbn:sk:snk-ab9tr7 
035 |a (urnnbn)urn:nbn:sk:snk:ar-a08uop 
038 |a SNKBUCL 
040 |a SNKBUCL  |b slo  |c SNKBUCL  |e AACR2 
041 0 |a slo 
044 |a xo  |c SK 
080 |a 930.1-051  |2 1997 
080 |a 929 Bystrický, Valerián  |2 1997 
100 1 |a Petruf, Pavol,  |d 1946-  |4 aut  |9 102871 
245 1 0 |a K životnému jubielu historika Valeriána Bystrického  |c Pavol Petruf 
300 |b Fotogr. 
600 1 7 |a Bystrický, Valerián,  |d 1936-2017  |2 snkbucl  |9 162873 
655 7 |a profily  |2 snkbucl  |9 341977 
773 0 |t Historický zborník 16  |g Č. 1-2 (2006), s. 262-264  |x 1335-8723 
850 |a Slovenská národná knižnica 
852 |a Slovenská národná knižnica 
954 |a odborná, vedecká literatúra pôvodná (slovenská)  |2 lita 
958 |a article13 
958 |a OND 
958 |a BX 
958 |a SK 
958 |a EUIPO 
999 |c 2932292  |d 2934222